01495nam a22003377i 4500003000800000005001700008008004100025020002200066040005600088041001300144043000900157082001400166100004300180245005300223250002200276260004000298300014400338336002700482337002800509338002800537505012200565505013800687505013700825546006900962650001301031650001401044650002901058650002201087653002701109653002101136BO-EaUP20260507162150.0220930b2021 ck a||||r|||| 00| 0 spa d a978-958-503-199-9 aBO-EaUPcBiblioteca admiempresasdBO-EaUPeRDAbspa aspahspa as-ck 221a658.4 aPrieto Herrera, Jorge EliécereAutor aInvestigación de Mercados /cJorge Prieto H.  aTercera edición aBogotá ; bEcoe Ediciones, c2021 axix, 226 páginas ;bilustraciones, figuras, gráficos ;c17 x 24 centímetros.-- (Ciencias empresariales. Mercadeo y ventas) ;fimpreso 2rdacontentatextobtxt 2rdamediaano mediadobn 2rdacarrieravolumenbnc2 aCapítulo 1. Comienza la investigación de mercados.- Objetivos.- Concepto de mercadeo.- Paradigmas del mercadeo.- 2 aCapítulo 2. ¿Cómo se hace una investigación de mercados?.- Aspectos determinantes.- Procesos de investigación de mercados.- 2 aCapítulo 3. Tendencias del marketing.- Objetivos.- Enfoques de Marketing digital.- Pasos para elaborar plan de marketing digital.- aTraducido del libro en inglés : "Exploring Marketing Research" aMERCADEO aMARKETING aESTRATEGIAS DE MARKETING aINVESTIGACIÓNES aANÁLISIS DE MERCADEO aMERCADO Y VENTAS